[Event "DVM U20w 2009"]
[Site "Chemnitz GER"]
[Date "2009.12.27"]
[Round "1"]
[White "Frey, Alisa"]
[Black "Büttner, Sarah"]
[Result "1-0"]
[Termination "normal"]
[Board "1.2"]
[WhiteElo "2038"]
[BlackElo "1326"]
[WhiteTeam "TSV Schott-Mainz"]
[BlackTeam "Dortmunder SV 1875"]
[PlyCount "43"]
[WhiteFideId "24634662"]
[BlackFideId "12909866"]
[EventCountry "GER"]
[EventRounds "7"]
[EventType "team-swiss"]
[EventDate "2009.12.26"]

1. d4 d5 2. c4 c6 3. Nc3 Nf6 4. e3 e6 5. Nf3 Bb4 6. Bd2 O-O 7. Bd3 Nbd7 8. O-O
dxc4 9. Bxc4 Nb6 10. Bd3 Re8 11. Qc2 Bxc3 12. bxc3 Nbd7 13. e4 g6 14. e5 Nd5
15. h4 Ne7 16. Bg5 Nb6 17. h5 Qc7 18. hxg6 hxg6 19. g3 Nbd5 20. Kg2 Kg7 21. Rh1
Rg8 22. Bh6+ 1-0

[Event "DVM U20w 2009"]
[Site "Chemnitz GER"]
[Date "2009.12.27"]
[Round "1"]
[White "Friese, Sarah"]
[Black "Voss, Chantal"]
[Result "1/2-1/2"]
[Termination "normal"]
[Board "1.3"]
[WhiteElo "1311"]
[BlackElo "1868"]
[WhiteTeam "Dortmunder SV 1875"]
[BlackTeam "TSV Schott-Mainz"]
[PlyCount "53"]
[WhiteFideId "24691950"]
[BlackFideId "4664906"]
[EventCountry "GER"]
[EventRounds "7"]
[EventType "team-swiss"]
[EventDate "2009.12.26"]

1. e4 e6 2. d4 d5 3. exd5 exd5 4. Nf3 Bd6 5. Bd3 Nc6 6. O-O Bg4 7. c3 Qd7 8.
Nbd2 Nge7 9. a4 O-O-O 10. b4 Rde8 11. Qc2 f6 12. Ba3 Kb8 13. a5 b6 14. axb6
cxb6 15. c4 Nxb4 16. Bxb4 Bxb4 17. c5 Bxd2 18. Nxd2 Nc8 19. Ba6 Be2 20. Rfb1
Bxa6 21. Rxa6 Re6 22. cxb6 Rxb6 23. Raxb6+ Nxb6 24. Nb3 Qc8 25. Nc5 g6 26. Qb3
Qc6 27. Rc1 1/2-1/2

[Event "DVM U20w 2009"]
[Site "Chemnitz GER"]
[Date "2009.12.27"]
[Round "1"]
[White "Voss, Janine"]
[Black "Finke, Lara"]
[Result "1-0"]
[Termination "normal"]
[Board "1.4"]
[WhiteElo "1820"]
[BlackElo "1258"]
[WhiteTeam "TSV Schott-Mainz"]
[BlackTeam "Dortmunder SV 1875"]
[PlyCount "53"]
[WhiteFideId "24677329"]
[BlackFideId "12909874"]
[EventCountry "GER"]
[EventRounds "7"]
[EventType "team-swiss"]
[EventDate "2009.12.26"]

1. e4 e5 2. Nf3 Nc6 3. d4 exd4 4. Nxd4 Bc5 5. Be3 Qf6 6. c3 Nge7 7. Bc4 O-O 8.
O-O Bb6 9. f4 d6 10. Nc2 Bxe3+ 11. Nxe3 Bd7 12. Nd2 Rad8 13. e5 Qh6 14. Ne4 Nc8
15. Ng5 Be6 16. Nxe6 fxe6 17. exd6 Nxd6 18. Bb3 Rfe8 19. Qg4 Ne4 20. Rf3 Ne5
21. Bc2 Qf6 22. Qh5 Nd2 23. Bxh7+ Kf8 24. Bg6 Ke7 25. Bxe8 Rxe8 26. Ng4 Qf8 27.
Qg5+ 1-0

[Event "DVM U20w 2009"]
[Site "Chemnitz GER"]
[Date "2009.12.27"]
[Round "1"]
[White "Erben, Larissa"]
[Black "Rogasch, Miriam"]
[Result "1-0"]
[Termination "normal"]
[Board "2.1"]
[WhiteElo "2023"]
[BlackElo "1911"]
[WhiteTeam "SV Stuttgart-Wolfbusch 1956"]
[BlackTeam "SV Gryps"]
[PlyCount "33"]
[WhiteFideId "24634590"]
[BlackFideId "4616324"]
[EventCountry "GER"]
[EventRounds "7"]
[EventType "team-swiss"]
[EventDate "2009.12.26"]

1. e4 e5 2. Nf3 Nc6 3. Bb5 a6 4. Bxc6 dxc6 5. O-O Bd6 6. d4 Bg4 7. dxe5 Bxf3 8.
Qxf3 Bxe5 9. Nd2 Ne7 10. Nc4 Ng6 11. Be3 Qf6 12. Nxe5 Qxe5 13. c3 O-O 14. Bd4
Qd6 15. Qe2 Rfe8 16. Rfe1 b6 17. g3 1-0

[Event "DVM U20w 2009"]
[Site "Chemnitz GER"]
[Date "2009.12.27"]
[Round "1"]
[White "Hartmann, Elisa"]
[Black "Djalalova, Nigora"]
[Result "1-0"]
[Termination "normal"]
[Board "2.2"]
[WhiteElo "1732"]
[BlackElo "1984"]
[WhiteTeam "SV Gryps"]
[BlackTeam "SV Stuttgart-Wolfbusch 1956"]
[PlyCount "94"]
[WhiteFideId "4616235"]
[BlackFideId "14202166"]
[EventCountry "GER"]
[EventRounds "7"]
[EventType "team-swiss"]
[EventDate "2009.12.26"]

1. e4 c5 2. Nc3 Nc6 3. Bb5 g6 4. Bxc6 dxc6 5. d3 Bg7 6. Be3 b6 7. Nge2 Nf6 8.
O-O O-O 9. Qd2 Ng4 10. Bg5 h6 11. Bh4 Qd7 12. h3 Ne5 13. Rad1 Rd8 14. Qc1 g5
15. Bg3 Ng6 16. f4 g4 17. f5 Nf8 18. hxg4 Nh7 19. Bf4 e5 20. Bxh6 f6 21. Rf3
Bxh6 22. Qxh6 Qg7 23. Rh3 Ng5 24. Rh4 Qxh6 25. Rxh6 Kg7 26. Rh5 Kf7 27. Ng3 Rg8
28. Kf2 Kg7 29. Nce2 Ba6 30. Ng1 Rad8 31. b3 c4 32. bxc4 Bxc4 33. Nf3 Nxf3 34.
gxf3 Bf7 35. Rhh1 Be8 36. Nh5+ Bxh5 37. Rxh5 c5 38. g5 fxg5 39. Rxg5+ Kf7 40.
Ke3 Rh8 41. f4 Rh3+ 42. Kf2 exf4 43. e5 Re3 44. f6 Kf8 45. Rf5 Kf7 46. Rh5 Kg8
47. Rg5+ Kf8 1-0

[Event "DVM U20w 2009"]
[Site "Chemnitz GER"]
[Date "2009.12.27"]
[Round "1"]
[White "Stitterich, Nadine"]
[Black "Sadewasser, Lucie"]
[Result "1-0"]
[Termination "normal"]
[Board "2.3"]
[WhiteElo "1956"]
[BlackElo "1124"]
[WhiteTeam "SV Stuttgart-Wolfbusch 1956"]
[BlackTeam "SV Gryps"]
[PlyCount "53"]
[WhiteFideId "24676527"]
[BlackFideId "12905445"]
[EventCountry "GER"]
[EventRounds "7"]
[EventType "team-swiss"]
[EventDate "2009.12.26"]

1. e4 e5 2. Nf3 Nc6 3. Bb5 a6 4. Ba4 Nf6 5. O-O Be7 6. Re1 O-O 7. h3 b5 8. Bb3
d6 9. c3 Re8 10. d4 Bf8 11. Nbd2 Na5 12. Bc2 c5 13. d5 Qc7 14. Nf1 Nb7 15. Ng3
g6 16. Bg5 Nd7 17. Nh2 a5 18. Qf3 Bg7 19. Ng4 Rf8 20. Nh6+ Bxh6 21. Bxh6 Re8
22. c4 Qb6 23. cxb5 Qxb5 24. Nh5 Qb6 25. Nf6+ Kh8 26. Nxe8 Qd8 27. Qxf7 1-0

[Event "DVM U20w 2009"]
[Site "Chemnitz GER"]
[Date "2009.12.27"]
[Round "1"]
[White "Vu, Uyen My"]
[Black "Mijatovic, Andrea"]
[Result "0-1"]
[Termination "normal"]
[Board "2.4"]
[WhiteElo "970"]
[BlackElo "1869"]
[WhiteTeam "SV Gryps"]
[BlackTeam "SV Stuttgart-Wolfbusch 1956"]
[PlyCount "84"]
[BlackFideId "14514524"]
[EventCountry "GER"]
[EventRounds "7"]
[EventType "team-swiss"]
[EventDate "2009.12.26"]

1. e4 c5 2. Nf3 d6 3. d4 cxd4 4. Nxd4 Nf6 5. Nc3 a6 6. Bc4 e6 7. Bb3 Be7 8. Be3
O-O 9. Qd2 Qc7 10. O-O-O Bd7 11. Qe2 Nc6 12. g4 b5 13. g5 Ne8 14. Qh5 Qc8 15.
f4 Na5 16. Rhg1 Nxb3+ 17. Nxb3 b4 18. Ne2 Qc4 19. Rd4 Qc6 20. Rxb4 Rc8 21. c3
d5 22. Rd4 dxe4 23. Rgd1 Nd6 24. R4d2 Rfd8 25. Bc5 Be8 26. Ng3 a5 27. Ba3 a4
28. Nd4 Qb6 29. Rc2 Qa5 30. Bb4 Qa7 31. Qe2 e5 32. Nxe4 exd4 33. Ng3 Bf8 34.
Qe5 Nc4 35. Qe2 Ne3 36. Rxd4 Nxc2 37. Rxd8 Rxd8 38. Be7 Bxe7 39. Kxc2 Kf8 40.
Nf5 Qc5 41. h4 Qxf5+ 42. Kc1 Bb5 0-1

[Event "DVM U20w 2009"]
[Site "Chemnitz GER"]
[Date "2009.12.27"]
[Round "1"]
[White "Bachem, Sabrina"]
[Black "Lorenz, Nicole"]
[Result "0-1"]
[Termination "normal"]
[Board "3.1"]
[WhiteElo "1474"]
[BlackElo "1889"]
[WhiteTeam "TTC GW Fritzdorf 1958"]
[BlackTeam "SG Grün-Weiß Dresden"]
[PlyCount "86"]
[BlackFideId "24623709"]
[EventCountry "GER"]
[EventRounds "7"]
[EventType "team-swiss"]
[EventDate "2009.12.26"]

1. d4 Nf6 2. Bf4 e6 3. Nf3 b6 4. e3 Bb7 5. Be2 Be7 6. c3 O-O 7. Nbd2 c5 8. O-O
d5 9. Rc1 Nbd7 10. Ne5 Nxe5 11. Bxe5 Nd7 12. Bg3 Nb8 13. f4 Ba6 14. Bxa6 Nxa6
15. Qe2 Nc7 16. Nf3 c4 17. Ne5 f5 18. Nc6 Qd7 19. Nxe7+ Qxe7 20. Qf2 b5 21. a3
a5 22. Qd2 Rfb8 23. Be1 Na6 24. Qe2 b4 25. axb4 axb4 26. cxb4 Nxb4 27. Bxb4
Rxb4 28. Rc2 Rab8 29. g3 Rb3 30. Rd1 Qb4 31. Rdd2 Qb5 32. Kf2 Rd3 33. h3 Qa6
34. Rc3 Rxd2 35. Qxd2 Qa1 36. Rc2 Rb3 37. Ke2 Qh1 38. Qe1 Qxe1+ 39. Kxe1 Rxe3+
40. Kf2 Rd3 41. Re2 Kf7 42. h4 Rxd4 43. Ke1 Re4 0-1

[Event "DVM U20w 2009"]
[Site "Chemnitz GER"]
[Date "2009.12.27"]
[Round "1"]
[White "Bachem, Lisa"]
[Black "Dorn, Carina"]
[Result "0-1"]
[Termination "normal"]
[Board "3.3"]
[WhiteElo "1221"]
[BlackElo "1867"]
[WhiteTeam "TTC GW Fritzdorf 1958"]
[BlackTeam "SG Grün-Weiß Dresden"]
[PlyCount "120"]
[WhiteFideId "12909912"]
[BlackFideId "24666335"]
[EventCountry "GER"]
[EventRounds "7"]
[EventType "team-swiss"]
[EventDate "2009.12.26"]

1. e4 e6 2. d4 d5 3. e5 c5 4. c3 Nc6 5. Nf3 Qb6 6. Bd3 Nge7 7. O-O Bd7 8. dxc5
Qxc5 9. Be3 Qa5 10. b4 Qc7 11. Bd4 Nf5 12. Bxf5 exf5 13. a3 a5 14. b5 Nxd4 15.
Nxd4 Be6 16. Re1 a4 17. Qd3 Qd7 18. Nd2 Bc5 19. N2f3 O-O 20. Ng5 Rfc8 21. Ngxe6
fxe6 22. Nf3 Qc7 23. Ra2 Qb6 24. Nd4 Bxd4 25. cxd4 Rc4 26. Rd2 Qxb5 27. Rb1 Qc6
28. Rdd1 Rc8 29. Qd2 Rc3 30. Ra1 Rc2 31. Qd3 Qc3 32. Qxc3 R8xc3 33. g3 Rb3 34.
Rdb1 Rcc3 35. Rxb3 Rxb3 36. Kf1 Kf8 37. Ke2 Ke8 38. Kd2 Kd7 39. Ra2 g5 40. h3
h5 41. Ke2 h4 42. gxh4 gxh4 43. f3 Rc3 44. Kf2 Kc6 45. Ke2 b5 46. Kf2 Kb6 47.
Ke2 Ka5 48. Kf2 b4 49. Ke2 b3 50. Rb2 Kb5 51. Rd2 Kc4 52. Kf2 Rc2 53. Ke2 Rxd2+
54. Kxd2 Kxd4 55. f4 Kc4 56. Kc1 Kc3 57. Kb1 d4 58. Kc1 d3 59. Kb1 d2 60. Ka1
d1=Q# 0-1

[Event "DVM U20w 2009"]
[Site "Chemnitz GER"]
[Date "2009.12.27"]
[Round "1"]
[White "Kosovska, Olena"]
[Black "Jentsch, Jasmin"]
[Result "1-0"]
[Termination "normal"]
[Board "3.4"]
[WhiteElo "1850"]
[BlackElo "1144"]
[WhiteTeam "SG Grün-Weiß Dresden"]
[BlackTeam "TTC GW Fritzdorf 1958"]
[PlyCount "42"]
[WhiteFideId "4647963"]
[BlackFideId "12909920"]
[EventCountry "GER"]
[EventRounds "7"]
[EventType "team-swiss"]
[EventDate "2009.12.26"]

1. c4 e6 2. Nc3 Nf6 3. d4 d5 4. Bg5 Be7 5. e3 O-O 6. Nf3 Bb4 7. Bd3 Bxc3+ 8.
bxc3 h6 9. Bh4 c6 10. O-O Nbd7 11. cxd5 cxd5 12. Bc2 Qc7 13. Rc1 a6 14. Qd3 g6
15. Nd2 b5 16. f4 Kg7 17. Rf3 Rg8 18. Rg3 Kf8 19. Rh3 h5 20. Bd1 Rh8 21. Bg3
Qc5 1-0

[Event "DVM U20w 2009"]
[Site "Chemnitz GER"]
[Date "2009.12.27"]
[Round "1"]
[White "Karmann, Anna"]
[Black "Drewes, Carina"]
[Result "1/2-1/2"]
[Termination "normal"]
[Board "4.1"]
[WhiteElo "1912"]
[BlackElo "1789"]
[WhiteTeam "SG Porz"]
[BlackTeam "SF Düsseldorf 75"]
[PlyCount "101"]
[WhiteFideId "24648000"]
[BlackFideId "24600296"]
[EventCountry "GER"]
[EventRounds "7"]
[EventType "team-swiss"]
[EventDate "2009.12.26"]

1. c4 e6 2. g3 d5 3. Bg2 Nf6 4. Nf3 c6 5. b3 Be7 6. O-O O-O 7. Bb2 Nbd7 8. d3
h6 9. Nbd2 b6 10. Rc1 Bb7 11. Rc2 Rc8 12. e4 dxe4 13. Nxe4 c5 14. Re1 Re8 15.
Rd2 Rb8 16. Ne5 Qc8 17. Nxd7 Qxd7 18. Nxf6+ Bxf6 19. Bxf6 gxf6 20. Be4 f5 21.
Bxb7 Qxb7 22. Qh5 Kh7 23. d4 cxd4 24. Rxd4 Rg8 25. Red1 Rg5 26. Qh4 Rf8 27. Rd7
Qb8 28. Re7 a6 29. Rdd7 Kg6 30. Qd4 Rg4 31. Qd3 Re4 32. Qf3 Qa8 33. Kg2 Qb8 34.
h3 h5 35. h4 Qe5 36. Qd3 Re2 37. Qd4 Qxd4 38. Rxd4 Rxa2 39. Rb7 b5 40. cxb5
axb5 41. Rxb5 Rb2 42. Rb7 Rc8 43. Rdd7 Rcc2 44. Kf3 Rxf2+ 45. Ke3 Rg2 46. Rxf7
Rxg3+ 47. Kd4 Rbxb3 48. Rg7+ Kh6 49. Rh7+ Kg6 50. Rbg7+ Kf6 51. Rf7+ 1/2-1/2

[Event "DVM U20w 2009"]
[Site "Chemnitz GER"]
[Date "2009.12.27"]
[Round "1"]
[White "Brustina, Valeriya"]
[Black "Zikeli, Julia"]
[Result "0-1"]
[Termination "normal"]
[Board "4.2"]
[WhiteElo "1353"]
[BlackElo "1852"]
[WhiteTeam "SF Düsseldorf 75"]
[BlackTeam "SG Porz"]
[PlyCount "131"]
[BlackFideId "24622753"]
[EventCountry "GER"]
[EventRounds "7"]
[EventType "team-swiss"]
[EventDate "2009.12.26"]

1. c4 Nf6 2. d4 g6 3. e3 Bg7 4. Nc3 O-O 5. Nf3 d6 6. Be2 Nbd7 7. O-O c5 8. d5
Ne8 9. e4 Ne5 10. Bf4 Nxf3+ 11. Bxf3 a6 12. Rc1 Bd7 13. Qe2 Nc7 14. e5 dxe5 15.
Bxe5 f6 16. Bxc7 Qxc7 17. Qxe7 Rae8 18. d6 Qc8 19. Nd5 Kh8 20. Nb6 Rxe7 21.
Nxc8 Re6 22. Ne7 Rxd6 23. Rcd1 Rxd1 24. Rxd1 Be6 25. b3 Re8 26. Nd5 Rd8 27. Re1
Bg8 28. g3 b5 29. cxb5 axb5 30. Nc3 b4 31. Na4 Bf8 32. Rc1 Rd2 33. Nxc5 Rxa2
34. Nd7 Bg7 35. Nc5 Rb2 36. Bd1 Bh6 37. f4 g5 38. Nd3 Rd2 39. fxg5 Bxg5 40.
Nxb4 Be3+ 41. Kf1 Rxh2 42. Rc2 Rh1+ 43. Ke2 Bd4 44. Rc8 Kg7 45. Nc6 Rh2+ 46.
Kd3 Bf2 47. Rc7+ Kh6 48. Ne7 Be6 49. Rc6 Bd7 50. Rxf6+ Kg5 51. Nd5 Bxg3 52. b4
Bb5+ 53. Ke4 Rh4+ 54. Ke3 Bc4 55. Rf3 Be5 56. Nb6 Bd4+ 57. Kd2 Bxb6 58. Rg3+
Kf4 59. Rf3+ Ke4 60. Rc3 Rh2+ 61. Kc1 Be3+ 62. Kb1 Bd3+ 63. Bc2 Bxc2+ 64. Rxc2
Rxc2 65. Kxc2 Kf3 66. Kd3 0-1

[Event "DVM U20w 2009"]
[Site "Chemnitz GER"]
[Date "2009.12.27"]
[Round "1"]
[White "Micklich, Rahel"]
[Black "Biryuk, Svitlana"]
[Result "1-0"]
[Termination "normal"]
[Board "4.3"]
[WhiteElo "1778"]
[BlackElo "1135"]
[WhiteTeam "SG Porz"]
[BlackTeam "SF Düsseldorf 75"]
[PlyCount "64"]
[WhiteFideId "24639184"]
[EventCountry "GER"]
[EventRounds "7"]
[EventType "team-swiss"]
[EventDate "2009.12.26"]

1. d4 f5 2. Nf3 Nf6 3. c4 d5 4. e3 Nc6 5. Nc3 e6 6. cxd5 exd5 7. Ne5 Bb4 8. Bb5
Bd7 9. Bxc6 Bxc6 10. Nxc6 bxc6 11. Qa4 Qd6 12. Bd2 Ne4 13. Nxe4 Bxd2+ 14. Nxd2
O-O 15. Rc1 Rfb8 16. Rxc6 Qd7 17. Qc2 Rb7 18. Nb3 Qe7 19. Qxf5 Qf7 20. Qxf7+
Kxf7 21. Ke2 Ke7 22. Rhc1 Kd7 23. R6c2 Kd6 24. Na5 Rb6 25. Rc6+ Rxc6 26. Rxc6+
Kd7 27. Rc5 Rb8 28. Rxd5+ Ke6 29. Re5+ Kd7 30. b3 a6 31. Kd3 Rb5 32. Rxb5 axb5
1-0

[Event "DVM U20w 2009"]
[Site "Chemnitz GER"]
[Date "2009.12.27"]
[Round "1"]
[White "Wichtmann, Barbara"]
[Black "Tunc, Helin"]
[Result "0-1"]
[Termination "normal"]
[Board "4.4"]
[WhiteElo "1037"]
[BlackElo "1534"]
[WhiteTeam "SF Düsseldorf 75"]
[BlackTeam "SG Porz"]
[PlyCount "64"]
[BlackFideId "24659304"]
[EventCountry "GER"]
[EventRounds "7"]
[EventType "team-swiss"]
[EventDate "2009.12.26"]

1. e4 e5 2. Nf3 Nc6 3. Bc4 Bc5 4. Nc3 d6 5. h3 Nf6 6. d3 Be6 7. Bb3 h6 8. Be3
Bb4 9. O-O Qd7 10. Bxe6 Qxe6 11. Nb5 Qd7 12. a3 Ba5 13. b4 Bb6 14. Bxb6 axb6
15. c4 O-O 16. Nh2 Rac8 17. f4 Rfe8 18. f5 Nb8 19. Ng4 Nxg4 20. Qxg4 c6 21. Nc3
f6 22. b5 Qe7 23. a4 Nd7 24. Rf3 Nc5 25. Qg6 Qf7 26. Qxf7+ Kxf7 27. Rg3 Ra8 28.
Kf2 Ra5 29. Ke3 Rea8 30. bxc6 bxc6 31. Rb1 Rb8 32. Rb4 Na6 0-1

[Event "DVM U20w 2009"]
[Site "Chemnitz GER"]
[Date "2009.12.27"]
[Round "1"]
[White "Groschwitz, Isabella"]
[Black "Nekrasova, Kateryna"]
[Result "0-1"]
[Termination "normal"]
[Board "5.1"]
[WhiteElo "1503"]
[BlackElo "1810"]
[WhiteTeam "SF Fichtelgebirge"]
[BlackTeam "SV Empor-Berlin"]
[PlyCount "30"]
[BlackFideId "24636266"]
[EventCountry "GER"]
[EventRounds "7"]
[EventType "team-swiss"]
[EventDate "2009.12.26"]

1. d4 d5 2. Nf3 Nf6 3. Bf4 e6 4. e3 c5 5. c4 Qa5+ 6. Nc3 cxd4 7. Nxd4 a6 8. Nb3
Qd8 9. Qc2 dxc4 10. Bxc4 Nbd7 11. O-O-O b5 12. Bd3 Bb7 13. f3 Rc8 14. a3 Nd5
15. Kb1 Nxc3+ 0-1

[Event "DVM U20w 2009"]
[Site "Chemnitz GER"]
[Date "2009.12.27"]
[Round "1"]
[White "Velina, Valeria"]
[Black "Zürner, Bianca"]
[Result "1-0"]
[Termination "normal"]
[Board "5.2"]
[WhiteElo "1781"]
[BlackElo "1329"]
[WhiteTeam "SV Empor-Berlin"]
[BlackTeam "SF Fichtelgebirge"]
[PlyCount "43"]
[WhiteFideId "24677345"]
[BlackFideId "12909963"]
[EventCountry "GER"]
[EventRounds "7"]
[EventType "team-swiss"]
[EventDate "2009.12.26"]

1. e4 e5 2. Bc4 Nf6 3. d3 Bc5 4. Nf3 Nc6 5. c3 O-O 6. O-O Qe7 7. h3 h6 8. Re1
Qd6 9. Bb3 Nh5 10. Bc2 Qg6 11. d4 Bb6 12. Nh4 Qf6 13. Qxh5 d6 14. Nf5 Kh7 15.
Be3 Re8 16. d5 Bxe3 17. Rxe3 Na5 18. Nd2 b6 19. Rg3 g5 20. Rxg5 Bxf5 21. Rxf5
Kg7 22. Rxf6 1-0

[Event "DVM U20w 2009"]
[Site "Chemnitz GER"]
[Date "2009.12.27"]
[Round "1"]
[White "Heym, Alexandra"]
[Black "Müller, Anna-Louise"]
[Result "0-1"]
[Termination "normal"]
[Board "5.3"]
[WhiteElo "1206"]
[BlackElo "1644"]
[WhiteTeam "SF Fichtelgebirge"]
[BlackTeam "SV Empor-Berlin"]
[PlyCount "53"]
[BlackFideId "4633512"]
[EventCountry "GER"]
[EventRounds "7"]
[EventType "team-swiss"]
[EventDate "2009.12.26"]

1. e4 c5 2. Bc4 d6 3. d3 g6 4. Nf3 Nc6 5. O-O Bg7 6. Re1 Nf6 7. c3 O-O 8. Be3
b6 9. Nbd2 Bb7 10. d4 cxd4 11. Nxd4 Ne5 12. f3 Re8 13. Qa4 a6 14. Be2 b5 15.
Qc2 d5 16. Bd3 Nxd3 17. Qxd3 dxe4 18. Nxe4 Nxe4 19. fxe4 e5 20. Rad1 exd4 21.
Bxd4 Rc8 22. Bxg7 Qxd3 23. Rxd3 Kxg7 24. Rde3 Rc4 25. e5 Rc7 26. Kf2 Rd7 27.
R1e2 0-1

[Event "DVM U20w 2009"]
[Site "Chemnitz GER"]
[Date "2009.12.27"]
[Round "1"]
[White "Berdin, Victoria"]
[Black "Heym, Stephanie"]
[Result "0-1"]
[Termination "normal"]
[Board "5.4"]
[WhiteElo "1032"]
[BlackElo "1116"]
[WhiteTeam "SV Empor-Berlin"]
[BlackTeam "SF Fichtelgebirge"]
[PlyCount "122"]
[EventCountry "GER"]
[EventRounds "7"]
[EventType "team-swiss"]
[EventDate "2009.12.26"]

1. e4 Nf6 2. Nc3 d6 3. d4 b6 4. Nf3 Bb7 5. Bd3 Nbd7 6. Bd2 e5 7. dxe5 dxe5 8.
O-O Bc5 9. h3 Qe7 10. Qe2 O-O 11. a3 Rad8 12. Nd5 Bxd5 13. exd5 Nxd5 14. Rfe1
f6 15. Bc4 c6 16. Bxd5+ cxd5 17. c4 d4 18. Nh4 f5 19. Nf3 h6 20. Nxe5 Nxe5 21.
Qxe5 Qxe5 22. Rxe5 d3 23. Rd1 Bd4 24. Rb5 f4 25. Rb3 Bc5 26. Bb4 Bxb4 27. Rxb4
Rd6 28. Rd2 Re8 29. g3 Re2 30. Rd1 d2 31. c5 Re1+ 32. Kg2 Rxd1 33. cxd6 fxg3
34. d7 Rg1+ 35. Kxg1 d1=Q+ 36. Kg2 Qxd7 37. Kxg3 h5 38. Rh4 g6 39. Re4 Kh7 40.
h4 Qf5 41. Re7+ Kh6 42. Rxa7 Qg4+ 43. Kh2 Qxh4+ 44. Kg2 Qg4+ 45. Kf1 h4 46. Ra8
h3 47. Rh8+ Kg5 48. Ke1 Qg2 49. Ke2 h2 50. Kd3 h1=R 51. Rxh1 Qxh1 52. Ke3 Kf5
53. Kd4 Qe4+ 54. Kc3 Ke5 55. Kd2 Kd4 56. Kc1 Kd3 57. Kb1 Qe1+ 58. Ka2 Kc2 59.
a4 Qb4 60. b3 Qxb3+ 61. Ka1 Qb2# 0-1

[Event "DVM U20w 2009"]
[Site "Chemnitz GER"]
[Date "2009.12.27"]
[Round "1"]
[White "Kleinschmidt, Annika"]
[Black "Lösch, Caroline"]
[Result "1-0"]
[Termination "normal"]
[Board "6.1"]
[WhiteElo "1568"]
[BlackElo "1278"]
[WhiteTeam "SK Nordhorn-Blanke"]
[BlackTeam "SC Vaterstetten"]
[PlyCount "53"]
[WhiteFideId "24670049"]
[BlackFideId "12909971"]
[EventCountry "GER"]
[EventRounds "7"]
[EventType "team-swiss"]
[EventDate "2009.12.26"]

1. e4 e5 2. Nf3 Nc6 3. d4 exd4 4. Nxd4 Nf6 5. Nc3 Bb4 6. Nxc6 bxc6 7. Bd2 Qe7
8. f3 O-O 9. Bc4 d5 10. Bd3 Re8 11. O-O Qe5 12. Qe2 Bc5+ 13. Kh1 Bd6 14. f4 Qh5
15. e5 Ng4 16. h3 Bc5 17. f5 Rxe5 18. Qxg4 Qxg4 19. hxg4 Rb8 20. Bf4 Re7 21.
Na4 Bb6 22. Rae1 Rxe1 23. Rxe1 Bd7 24. Nxb6 axb6 25. Re7 Be8 26. Bxc7 Ra8 27.
Bxb6 1-0

[Event "DVM U20w 2009"]
[Site "Chemnitz GER"]
[Date "2009.12.27"]
[Round "1"]
[White "Steinmann, Anna"]
[Black "Veelders, Wiebke"]
[Result "0-1"]
[Termination "normal"]
[Board "6.2"]
[WhiteElo "1123"]
[BlackElo "1484"]
[WhiteTeam "SC Vaterstetten"]
[BlackTeam "SK Nordhorn-Blanke"]
[PlyCount "64"]
[BlackFideId "1270955"]
[EventCountry "GER"]
[EventRounds "7"]
[EventType "team-swiss"]
[EventDate "2009.12.26"]

1. e4 e6 2. Nc3 d5 3. Nf3 Nf6 4. e5 Nfd7 5. d4 c5 6. Bb5 a6 7. Be2 Qb6 8. Be3
Qxb2 9. Na4 Qb4+ 10. c3 Qa5 11. O-O Nc6 12. c4 cxd4 13. Nxd4 Ncxe5 14. cxd5
Qxd5 15. Nc3 Qa5 16. Qc2 Bb4 17. Nb3 Qc7 18. Bd4 O-O 19. a3 Bd6 20. Qe4 Nf6 21.
Qh4 Ng6 22. Qg5 Bxh2+ 23. Kh1 e5 24. g3 exd4 25. Nd5 Nxd5 26. Qxd5 Be6 27. Qc5
Bxg3 28. fxg3 Qxg3 29. Rf3 Qh4+ 30. Kg1 Rfd8 31. Rd1 Nf4 32. Rxd4 Nxe2+ 0-1

[Event "DVM U20w 2009"]
[Site "Chemnitz GER"]
[Date "2009.12.27"]
[Round "1"]
[White "Baisakow, Christine"]
[Black "Löbel, Annika"]
[Result "1-0"]
[Termination "normal"]
[Board "6.3"]
[WhiteElo "1476"]
[BlackElo "763"]
[WhiteTeam "SK Nordhorn-Blanke"]
[BlackTeam "SC Vaterstetten"]
[PlyCount "79"]
[WhiteFideId "24680052"]
[EventCountry "GER"]
[EventRounds "7"]
[EventType "team-swiss"]
[EventDate "2009.12.26"]

1. e4 Nf6 2. Nc3 e5 3. d4 Nc6 4. d5 Nd4 5. Be3 Bc5 6. Qd3 O-O 7. Na4 Bb4+ 8. c3
Nc2+ 9. Qxc2 Ba5 10. b4 d6 11. bxa5 b6 12. axb6 axb6 13. Nf3 Bd7 14. Nb2 Qe7
15. Bd3 c6 16. c4 b5 17. c5 Ng4 18. cxd6 Qf6 19. dxc6 Be6 20. Qd2 Rac8 21. Bxb5
Qg6 22. h3 Nf6 23. d7 Rb8 24. c7 Ra8 25. d8=Q h6 26. Q8d3 Rac8 27. Nxe5 Qxg2
28. Ke2 Rxc7 29. Bxh6 Re8 30. Bxe8 Nxe8 31. Rag1 Qxg1 32. Rxg1 f6 33. Qd8 fxe5
34. Qxe8+ Kh7 35. Qg6+ Kg8 36. Qxe6+ Kh7 37. Qg6+ Kg8 38. Qxg7+ Rxg7 39. Rxg7+
Kf8 40. Qd8# 1-0

[Event "DVM U20w 2009"]
[Site "Chemnitz GER"]
[Date "2009.12.27"]
[Round "1"]
[White "Wilke, Tabea"]
[Black "Sonnhalter, Stella"]
[Result "0-1"]
[Termination "normal"]
[Board "7.1"]
[WhiteElo "911"]
[BlackElo "1730"]
[WhiteTeam "SC 1979 Hattersheim"]
[BlackTeam "SC Réti Heusweiler"]
[PlyCount "74"]
[WhiteFideId "12910015"]
[BlackFideId "4624815"]
[EventCountry "GER"]
[EventRounds "7"]
[EventType "team-swiss"]
[EventDate "2009.12.26"]

1. e4 c5 2. Nf3 Nc6 3. Bc4 g6 4. d3 Bg7 5. O-O Nf6 6. Nc3 O-O 7. e5 Ng4 8. h3
Ngxe5 9. Ng5 Nxc4 10. dxc4 d6 11. Qf3 Nd4 12. Qg3 Nxc2 13. Rb1 Bf5 14. Qh4 h6
15. Nce4 d5 16. cxd5 Qxd5 17. Nc3 hxg5 18. Qxg5 Qd7 19. Rd1 Nd4 20. Ra1 Bxh3
21. Rd3 Bf5 22. Rd2 Qc6 23. Qg3 Rad8 24. b3 Nf3+ 25. gxf3 Bxc3 26. Bb2 Bxd2 27.
Qh4 f6 28. Kg2 g5 29. Qh5 Rf7 30. Qh1 Rh7 31. Qd1 Bh3+ 32. Kg1 g4 33. Qe2 gxf3
34. Qc4+ Be6 35. Qf1 Qd5 36. Qc4 Qg5+ 37. Kf1 Qg2# 0-1

[Event "DVM U20w 2009"]
[Site "Chemnitz GER"]
[Date "2009.12.27"]
[Round "1"]
[White "Alt, Elisabeth"]
[Black "Mitze, Alicia"]
[Result "1-0"]
[Termination "normal"]
[Board "7.2"]
[WhiteElo "1328"]
[BlackElo "827"]
[WhiteTeam "SC Réti Heusweiler"]
[BlackTeam "SC 1979 Hattersheim"]
[PlyCount "57"]
[WhiteFideId "24692620"]
[EventCountry "GER"]
[EventRounds "7"]
[EventType "team-swiss"]
[EventDate "2009.12.26"]

1. e4 e5 2. Nf3 Nc6 3. d4 f6 4. Nc3 Bb4 5. Bb5 Nge7 6. O-O Bxc3 7. bxc3 d6 8.
d5 a6 9. Be2 Nb8 10. Rb1 b6 11. Be3 Bg4 12. Qc1 Nd7 13. h3 Bxf3 14. Bxf3 O-O
15. Qd1 h6 16. Bh5 Nc5 17. Qg4 g5 18. h4 Kh8 19. Kh2 a5 20. Rh1 Kh7 21. Kg1 Kh8
22. hxg5 fxg5 23. Bxg5 Rg8 24. Bf7 Kh7 25. Rxh6+ Kg7 26. Qh5 Kf8 27. Bxg8 Kxg8
28. Rh8+ Kg7 29. Qh7# 1-0